| 000 | 01505nam a2200409 a 4500 | ||
|---|---|---|---|
| 001 | 22016 | ||
| 003 | VRT | ||
| 005 | 20260317152826.0 | ||
| 008 | 240801s2001 xo ra slo | ||
| 015 | _aSNBA2001/10-03411 | ||
| 020 | _a8055100020 | ||
| 035 | _aSNK000365699 | ||
| 035 | _aurn:nbn:sk:snk-amk40j | ||
| 035 | _aurn:nbn:sk:snk-am0055tx | ||
| 035 | _a326D0619-B882-4CA4-960F-9AD8DB22D7C6 | ||
| 039 | 9 |
_a202408011107 _bVLOAD _c202403141120 _dVLOAD _c202402261448 _dVLOAD _c202203220850 _dAUTHORITY |
|
| 040 |
_aSNK _bslo _cSNK _eAACR2 |
||
| 041 | 0 | _aslo | |
| 044 |
_axo _cSK |
||
| 080 |
_a820 (73)-3 _21981 |
||
| 100 | 1 |
_aSmall, Bertrice, _d1937-2015 _4aut |
|
| 240 | 1 | 0 |
_aRemember me, love _lSlovensky |
| 245 | 1 | 0 |
_aNezabudni na mňa, láska _cBertrice Smallová ; [z anglického originálu preložil Ján Dulla] |
| 260 |
_aBratislava _bIkar _c2001 |
||
| 300 |
_a351 s. _c21 cm |
||
| 650 | 0 | 7 |
_aromány historické americké _2SNK |
| 655 | 7 |
_aumelecká literatúra _2SNK |
|
| 700 | 1 |
_aDulla, Ján _c(prekladateľ) _4trl |
|
| 942 |
_2ddc _cKLDO _n0 |
||
| 949 |
_617A0302643 _9P60, <05>, [BOOK], {605} _asnkSC 104533 D1 _bsnkKSP 6456/2001 |
||
| 949 |
_6273K0208794 _asvkpoA 179381 _bsvkpo446615 |
||
| 949 |
_6270001000121404 _asvkbbA 103558 _bsvkbbm 638347 _p638.347 |
||
| 949 |
_62889123006 _asavukPV 3681 |
||
| 949 |
_617A0295274 _9P60, <03>, [BOOK], {603} _asnkSC 104533 _bsnkKSP 4950/2001 _s6100:20140925 |
||
| 999 |
_c22016 _d22016 |
||